书目信息 |
| 题名: |
Town House——现代都市生活
|
|
| 作者: | 高林 著 ;刘培善 , 耿威 译 | |
| 分册: | ||
| 出版信息: | 北京 中国水利水电出版社 2006.07 |
|
| 页数: | 215页 | |
| 开本: | 31cm | |
| 丛书名: | ||
| 单 册: | ||
| 中图分类: | TU241 | |
| 科图分类: | ||
| 主题词: | 住宅--zhu zhai--建筑设计 | |
| 电子资源: | ||
| ISBN: | 7-5084-2457-3 | |
| 000 | 01099nam0 2200277 450 | |
| 001 | 012007645531 | |
| 005 | 20071228091210.03 | |
| 010 | @a7-5084-2457-3@b精装@dCNY150.00 | |
| 100 | @a20071228d2006 km y0chiy0120 ea | |
| 101 | 1 | @achi@ceng |
| 102 | @aCN@b110000 | |
| 105 | @aa z 000yy | |
| 106 | @ar | |
| 200 | 1 | @aTown House——现代都市生活@ATown House——xian dai du shi sheng huo@f(美) 亚历山大·高林著@F(mei)ya li shan da·gao lin zhu@g刘培善, 耿威译@Gliu pei shan,geng wei yi |
| 210 | @a北京@c中国水利水电出版社@d2006.07 | |
| 215 | @a215页@c图@d31cm | |
| 312 | @a英文并列题名取自附加题名页。 | |
| 330 | @a本书研究了26座最新的由著名的年轻设计师们设计的Town House, 第个工程都通过彩色和黑白照片、平面图和设计图详尽地加以描述, 并对每座住宅优雅的设计和卓越的风格作了引人注目的介绍。 | |
| 500 | 10 | @aNew american town house@mChinese |
| 606 | 0 | @a住宅@Azhu zhai@x建筑设计 |
| 690 | @aTU241@v4 | |
| 701 | 1 | @a高林@Agao lin@g(Gorlin, Alexander)@4著 |
| 702 | 0 | @a刘培善@Aliu pei shan@4译 |
| 702 | 0 | @a耿威@Ageng wei@4译 |
| 801 | 0 | @aCN@bQSSK@c20071228 |
| 905 | @b273234@dTU241@eG155@f1 | |
| Town House——现代都市生活/(美) 亚历山大·高林著/刘培善, 耿威译.-北京:中国水利水电出版社,2006.07 |
| 215页:图;31cm |
| ISBN 7-5084-2457-3(精装):CNY150.00 |
| 本书研究了26座最新的由著名的年轻设计师们设计的Town House, 第个工程都通过彩色和黑白照片、平面图和设计图详尽地加以描述, 并对每座住宅优雅的设计和卓越的风格作了引人注目的介绍。 |
| ● |
| 相关链接 |
|
|
|
正题名:Town House——现代都市生活
索取号:TU241/G155
 
预约/预借
| 序号 | 登录号 | 条形码 | 馆藏地/架位号 | 状态 | 备注 |
| 1 | 273234 | 202732347 | 建筑库101/101建筑库 58排2列3层/ [索取号:TU241/G155] | 在馆 |